Mezinárodní databáze Touretteova syndromu: zapojení do projektu v České republice

Bibliographic Details
Main Authors: Růžička, Evžen, 1957- (Author), Fiala, O. (Author)
Format: Article
Language:Czech

MARC

LEADER 00000nab a2200000uu 4500
001 vtls011143283
003 SK-MaSNL
005 20260303125601.0
008 230218|2003 xo |||||||||||||||||cze|
015 |a SNBRB 
035 |a (urnnbn)urn:nbn:sk:snk:ar-008gkz 
035 |a (uuid)9f3fb9a6-7d21-43e0-b32c-8c67011a02a9 
035 |a urn:nbn:sk:snk-abaukk 
040 |a SNKBUCL  |b slo  |c SNKBUCL  |e AACR2 
041 0 |a cze 
044 |a xo  |c SK 
100 1 |a Růžička, Evžen,  |d 1957-  |4 aut  |9 223995 
245 1 0 |a Mezinárodní databáze Touretteova syndromu: zapojení do projektu v České republice  |c E. Růžička, O. Fiala 
700 1 |a Fiala, O.  |4 aut  |9 308717 
773 0 |t Česká a slovenská neurologie a neurochirurgie : časopis českých a slovenských neurologů a neurochirurgů  |g Roč. 66(99), č. 3 (2003), s. 197-202 
954 |a odborná, vedecká literatúra cudzojazyčná (svetová)  |2 lita 
958 |a OND 
958 |a EUIPO 
958 |a article14 
999 |c 1935421  |d 1937351